entegrasyonun ötesinde Türkiye'den Fransa'ya göç ve göçmenlik halleri (Record no. 9738)

MARC details
000 -BAŞLIK
Sabit Uzunlukta Kontrol Alanı 01222na a2200349 4500
001 - KONTROL NUMARASI
Denetim Alanı 14628
003 - KONTROL NUMARASI IDENTIFIER
Denetim Alanı MIRAKIL
005 - SON İŞLEM TARİHİ VE ZAMANI
Denetim Alanı 20181213155255.0
008 - SABİT-BOY VERİ ELEMANLARI - GENEL BİLGİLER
Sabit Uzunlukta Kontrol Alanı 161101b tu 000 0
020 ## - ULUSLARARASI STANDART KİTAP NUMARASI
Uluslararası Standart Kitap Numarası 9786053990475
035 ## - SİSTEM KONTROL NUMARASI
Sistem Kontrol Numarası 14628
040 ## - KATALOGLAMA KAYNAK
Orijinal Kataloglama Ajansı Milas
Kataloglama Dili tur
Metne Dönüştürmek Ajansı TR-AnCHP
041 ## - DİL KODU
Metin / Ses Parça Veya Ayrı Başlığın Dil Kodu tur
082 ## - DEWEY ONLU SINIFLANDIRMA NUMARASI
Sınıflandırma Numarası 304.8
Ürün Numarası E57 2008
090 ## - SINIFLAMA NUMARASI
Sınıflama Numarası 304.8 E57 2008
245 ## - BAŞLIK TABLOSU
Başlık entegrasyonun ötesinde Türkiye'den Fransa'ya göç ve göçmenlik halleri
Sorumluluk Tablosu, Vb derleyenler Didem Danış, Verda İrtiş
246 ## - UNVAN FORM VARYING
Başlık Doğru / Kısa Başlığı Türkiye'den Fransa'ya göç ve göçmenlik halleri
260 ## - YAYIN, DAĞITIM, VB
Yayın, Dağıtım, Vb Yeri İstanbul
Yayıncı, Dağıtıcı, Vs Adı İstanbul Bilgi Üniversitesi Yayınları
Yayın, Dağıtım, Vb Tarihi 2008
300 ## - FİZİKSEL TANIM
Kapsam 392 s.
Diğer Fiziksel Ayrıntıları tbl.
Boyutlar 23 sm.
490 ## - SERİSİ TABLOSU
Seri Beyanı İstanbul Bilgi Üniversitesi yayınları
Hacim / Ardışık Tanımı 210
490 ## - SERİSİ TABLOSU
Seri Beyanı Göç çalışmaları
Hacim / Ardışık Tanımı 8
500 ## - GENEL NOT
Genel Not Dizin var.
650 ## - KONU KATMA GİRİŞ - TOPİKAL DÖNEM
Topikal Süreli Veya Coğrafi Ad Giriş Elemanı Göçmenler
Genel Alt Bölümü Siyasal katılım
Coğrafi Alt Bölümü Fransa
650 ## - KONU KATMA GİRİŞ - TOPİKAL DÖNEM
Topikal Süreli Veya Coğrafi Ad Giriş Elemanı Göç ve göçmenlik
Genel Alt Bölümü Kültürel asimilasyon
Coğrafi Alt Bölümü Fransa
650 ## - KONU KATMA GİRİŞ - TOPİKAL DÖNEM
Topikal Süreli Veya Coğrafi Ad Giriş Elemanı Göçmen işgücü
Genel Alt Bölümü Türkler
Kronolojik Alt Bölümü Sosyo ekonomik durum
Coğrafi Alt Bölümü Fransa
651 ## - KONU KATMA GİRİŞ - COĞRAFİ ADI
Coğrafi İsim Türkiye
Genel Alt Bölümü Dış ilişkiler
Coğrafi Alt Bölümü Fransa
651 ## - KONU KATMA GİRİŞ - COĞRAFİ ADI
Coğrafi İsim Fransa
Genel Alt Bölümü Göç politikaları
651 ## - KONU KATMA GİRİŞ - COĞRAFİ ADI
Coğrafi İsim Fransa
Genel Alt Bölümü Etnik ilişkiler
Kronolojik Alt Bölümü Türkler
700 ## - KATMA GİRİŞ - KİŞİSEL İSİM
Kişisel Ad Danış, Didem
700 ## - KATMA GİRİŞ - KİŞİSEL İSİM
Kişisel Ad İrtiş, Verda
942 ## - EKLENDİ GİRİŞ ELEMANLARI (KOHA)
Sınıflandırma Veya Raf Düzeni Kaynak
Koha Öğesi Türü Books
999 ## - SİSTEM KONTROL NUMARALARI (KOHA)
Koha Biblionumber 9738
Koha Biblioitemnumber 9738
Holdings
Kalıcı Konum Mevcut Konum Edinme Tarihi Edinim Kaynak Toplam Check-Out'Lar Tam Çağrı Numarası Barkod Tarih Son Görülme İtibaren Geçerli Fiyatlar Koha Öğesi Türü
CHP Kütüphanesi CHP Kütüphanesi 08/30/2016 Bağış   304.8 E57 2008 002718 08/30/2016 08/30/2016 Books